Normal view MARC view

Entry Personal Name

Number of records used in: 2

001 - CONTROL NUMBER

  • control field: 75911

003 - CONTROL NUMBER IDENTIFIER

  • control field: dpl

005 - DATE AND TIME OF LATEST TRANSACTION

  • control field: 20250106153734.0

008 - FIXED-LENGTH DATA ELEMENTS

  • fixed length control field: 250106|| aca||aabn | a|a d

040 ## - CATALOGING SOURCE

  • Original cataloging agency: dpl
  • Transcribing agency: dpl

100 ## - HEADING--PERSONAL NAME

  • Personal name: बन्द्रवाल, प्रवीण कुमार

670 ## - SOURCE DATA FOUND

  • Source citation: Work cat.: (dpl)207986: बन्द्रवाल, प्रवीण कुमार, भौतिक विज्ञान के प्रोजेक्ट्स /, 2020

© Delhi Public Library
Hit Counter
free hit counter